| 000 | 00376pab a2200157 454500 | ||
|---|---|---|---|
| 008 | 180718b2003 xxu||||| |||| 00| 0 eng d | ||
| 100 | _aClarence, Emma | ||
| 245 | _aRailways: a policy derailed? | ||
| 260 | _c2003 | ||
| 300 | _ap.456-70. | ||
| 362 | _aJul | ||
| 650 | _aRailways - Great Britain | ||
| 650 | _aRailways | ||
| 773 | _aParliamentary Affairs | ||
| 909 | _a57302 | ||
| 999 |
_c57302 _d57302 |
||